Normal view MARC view

Entry Nombre personal

Number of records used in: 2

001 - NÚMERO DE CONTROL

  • campo de control: 1148

003 - IDENTIFICADOR DE NÚMERO DE CONTROL

  • campo de control: DLC

005 - FECHA Y HORA DE LA ÚLTIMA TRANSACCIÓN

  • campo de control: 20260429080949.0

008 - ELEMENTOS DE DATO DE LONGITUD-FIJA

  • campo de control de longitud fija: 800812n| acannaabn |b aaa

010 ## - NÚMERO DE CONTROL DE LA BIBLIOTECA DEL CONGRESO

  • Número de control de LC: n 80086456

035 ## - NÚMERO DE CONTROL DEL SISTEMA

  • Número de control de sistema: (OCoLC)oca00467640

040 ## - FUENTE DE CATALOGACIÓN

  • Centro catalogador/agencia de origen: DLC
  • Lengua de catalogación: eng
  • Centro/agencia transcriptor: DLC
  • Centro/agencia modificador: OCoLC

100 1# - ENCABEZAMIENTO-NOMBRE DE PERSONA

  • Nombre de persona: Simons, Gerald

400 1# - TRAZADO DE VÉASE--NOMBRE DE PERSONA

  • Nombre de persona: シモンズジエラルド

670 ## - FUENTE DE DATOS ENCONTRADOS

  • Cita de la fuente: His Barbarian Europe, 1968.

670 ## - FUENTE DE DATOS ENCONTRADOS

  • Cita de la fuente: His Victory in Europe, 1982:
  • Información encontrada: t.p. (Gerald Simons) CIP data sheet (b. 4/14/23)